| 000 | 00722nam a22001937a 4500 | ||
|---|---|---|---|
| 005 | 20240903111014.0 | ||
| 010 | _aENG-141584 | ||
| 020 |
_c1200.00 _a9789390746279 |
||
| 035 | _aEN-125116 | ||
| 037 | _bDBAD | ||
| 082 | _a330 | ||
| 100 |
_aV.K. Singh _970863 |
||
| 245 |
_aGlobalisation and Global Resistance/ _cBy V.K. Singh |
||
| 260 |
_aKolkata _bEXCELLER BOOKS _c2021 |
||
| 270 |
_aG1,Dream Apartment, Degree College Road, Belgharia _bKolkata _e700056 |
||
| 300 |
_a391p. _c28cm(pb) |
||
| 500 | _aAn Enquiry into Emergence and Ascendency of Global Hegemony of Neoliberal Finance Capital and People's Global Social-Political Resistance Against its Global Offensives | ||
| 942 |
_2ddc _cEN _mVKS _h330 |
||
| 999 |
_c205476 _d205476 |
||